|
|
|
|
| LEADER |
01705nam a22003492i 4500 |
| 001 |
000039625 |
| 003 |
CZ BrMZK |
| 005 |
20230620120508.0 |
| 007 |
ta |
| 008 |
951201s1953 xr f 000 0 cze d |
| 015 |
|
|
|a cnb000510592
|
| 035 |
|
|
|a (OCoLC)85316816
|
| 040 |
|
|
|a BOA001
|b cze
|e rda
|
| 245 |
0 |
0 |
|a Hus a Jeronym v Kostnici /
|c výbor uspořádala, texty k vydání připravila, poznámkami a slovníčkem opatřila Milada Nedvědová ; úvod napsal František Graus
|
| 250 |
|
|
|a Vyd. 1.
|
| 264 |
|
1 |
|a Praha :
|b Státní nakladatelství krásné literatury, hudby a umění,
|c 1953
|
| 300 |
|
|
|a 299 stran
|
| 336 |
|
|
|a text
|b txt
|2 rdacontent
|
| 337 |
|
|
|a bez média
|b n
|2 rdamedia
|
| 338 |
|
|
|a svazek
|b nc
|2 rdacarrier
|
| 490 |
1 |
|
|a Živá díla minulosti ;
|v sv. 2
|
| 500 |
|
|
|a Dostupné též v digitální podobě v aplikaci Kramerius
|
| 700 |
1 |
|
|a Nedvědová, Milada,
|d 1927-2001
|7 jk01082894
|4 com
|4 edt
|
| 830 |
|
0 |
|a Živá díla minulosti (Státní nakladatelství krásné literatury, hudby a umění)
|0 s
|
| 856 |
4 |
1 |
|u http://www.digitalniknihovna.cz/mzk/uuid/uuid:2ccb61a0-103b-11e6-b304-005056827e52
|y Digitalizovaný dokument
|x NDK
|
| 910 |
|
|
|a BOA001
|b PK-0006.061
|b 2-0316.779
|
| 964 |
|
|
|a Hus, Jan - ca 1371-1415 - jk01043287 - pobyt kostnický - dokumenty
|
| 964 |
|
|
|a Jeroným Pražský - ca 1380-1416 - jk01051509 - pobyt kostnický - dokumenty
|
| 990 |
|
|
|a BK
|
| 996 |
6 |
|
|b 2619971231
|c 2-0316.779
|l MZK
|r Sklad / do 24 hodin
|n 15
|w 000039625
|u 000030
|a 1
|e BOA001
|j MZK50
|s P
|
| 996 |
7 |
|
|b 3119977446
|c PK-0006.061
|l MZK
|r Sklad / do 1 hodiny
|n 4
|w 000039625
|u 000020
|a 1
|e BOA001
|j MZK50
|s A
|
| 996 |
7 |
|
|b 3119991038
|c PK-0006.061
|l MZK
|r Sklad / do 1 hodiny
|n 9
|w 000039625
|u 000010
|a 1
|e BOA001
|j MZK50
|s A
|